Países A-Z por vecinos - Estadísticas

Estadísticas generales
  • Esta prueba ha sido intentada 236 veces
    234 desde el último reinicio
  • La puntuación promedio es 21 de 23
Estadísticas de respuestas
País Vecino % Correcto
A Uruguay Argentina
100%
D Alemania Dinamarca
97%
F Suecia Finlandia
97%
O Emiratos Árabes Unidos Oman
97%
N Costa Rica Nicaragua
96%
M China Mongolia
95%
H Rumania Hungria
94%
J Irak Jordania
93%
B Serbia Bosnia & Herzegovina
92%
E Rusia Estonia
92%
G Albania Grecia
92%
Y Oman Yemen
92%
K Macedonia Kosovo
90%
R Ucrania Rusia
90%
S Brasil Surinam
90%
Z Namibia Zambia
89%
L Siria Líbano
88%
U Kazajistán Uzbekistán
88%
V Laos Vietnam
87%
I Bután India
86%
C Niger Chad
85%
T Ruanda Tanzania
83%
P Indonesia Papua Nueva Guinea
78%
No se encontraron pruebas coincidentes
Distribución de puntuación
Porcentaje de gente con cada puntuación
Porcentaje por número respondido
Historial de tus puntuaciones
No has intentado esta prueba desde el último reinicio